| 000 | 00536nam a2200181 a 4500 | ||
|---|---|---|---|
| 001 | 000668031 | ||
| 003 | AM-YeHGA | ||
| 005 | 20250617162549.0 | ||
| 008 | 090619s1923 ||||||||||||||||||||rus|c | ||
| 040 | _aAM-YeHGA | ||
| 041 | 0 | _arus | |
| 100 | 1 | _aПакуль, Н.М. | |
| 245 | 1 | 0 |
_aКнига : _bИсторический очерк / _cН.М. Пакуль. |
| 260 |
_aХарьков : _bГлавполитпросвет УССР, _c1923. |
||
| 300 | _a131 с. | ||
| 650 | 1 | 4 | _aПечать, информация |
| 090 | _c495450 | ||
| 999 |
_c492075 _d492075 |
||